000
00301nam a22001337a 4500
008
181122b xxu||||| |||| 00| 0 eng d
020
_a
9780226817095
041
_a
eng
080
_2
9 th
_a
941
100
_a
16
101
_a
HIS
245
_a
2002 tO The History
_c
Turner..R
942
_2
udc
_c
BK
999
_c
52395
_d
52395